| 000 | 00932nam a22002175i 4500 | ||
|---|---|---|---|
| 001 | 160319 | ||
| 003 | ES-MaACL | ||
| 005 | 20250927162253.0 | ||
| 008 | 040921s1875 sp |||| | spa d | ||
| 040 |
_aCAM _bspa _cCAM |
||
| 100 | 1 |
_aMudela, Francisco de las Rivas y Ubieta _cMarqués de, _d1808-1882 _9154827 |
|
| 245 | 1 | 0 | _aDictámen emitido por el... Marqués de Mudela sobre varios temas de viticultura y vinicultura. |
| 260 |
_aMadrid : _b[s.n.], _c1875 ( _fImprenta de T. Fortanet) |
||
| 300 |
_a20 p. ; _c25 cm. |
||
| 530 | _aDisponible en formato digital. | ||
| 594 | _aPrecede al tít.: Consejo Superior de Agricultura, Industria y Comercio. | ||
| 650 | 4 |
_aViticultura. _9136993 |
|
| 852 |
_aES-MaACL _jT-666-F-9 _z-- Enc. hol., conservando la cub. original _z-- Enc. en un vol. facticio |
||
| 856 |
_uhttp://bdh-rd.bne.es/viewer.vm?id=0000075293&page=1 _zBiblioteca Digital Hispánica |
||
| 999 |
_c160319 _d160319 |
||